000 00897nac a22002897a 4500
001 BR0703980
003 BR-BrBNA
005 20240105123443.0
008 230509b bl.|||m| |||| 00| 0 por d
040 _aBR-BrBNA
_bpor
_cBiblioteca Nacional de Agricultura
072 _aP40
090 _aP40 BR0703980
100 1 _aBastos, E.A.
100 1 _aRodrigues, B.H.N.
100 1 _aAndrade Júnior, A.S. de
100 1 _aMedeiros, R.M. de
110 1 _aEMBRAPA Meio-Norte, Teresina, PI (Brasil)
245 1 _aBoletim agrometeorológico de 2001 para o Município de Parnaíba-PI
260 3 _aTeresina, PI (Brasil):
_c2002.
300 _a38 p.
490 _aDocumentos - EMBRAPA Meio-Norte (Brazil)
_vno. 67
_xISSN 0104-866X
500 _a8 illus.; 12 tables
650 _aMETEOROLOGIA
650 _aPIAUÍ
909 _a202312
_bLúcia Elande
_c55
_dLúcia Elande
942 _2AGRIS
_n0
_cMS
999 _c295526
_d295526